000 00452nam a2200181Ia 4500
001 5055
005 20260306145840.0
008 260306t2013||||xx |||||||||||||| ||spa||
041 _aESP
082 _a332.678
_bB38E 2013
100 _aBeltrán Barco, Arlette
_eAUT
245 0 _aEjercicios de evaluación privada de proyectos
260 _c2013
300 _a403 páginas :
_c22 cm.
650 _aGEN
654 _aCAN
942 _cLIB
_dJUS
_fJUS
_2ddc
_n
999 _c5055
_d5055